ბათუმის შოთა რუსთაველის სახელმწიფო უნივერსიტეტის ბიბლიოთეკა

პირველი სხივი:წიგნი 10.პოეზია.პროზა.დრამატურგია.თარგმანები.წერილები (ბიბ.ჩანაწერი № 43381)

000 -LEADER
fixed length control field 01095nam a2200217Ia 4500
001 - CONTROL NUMBER
control field 10109
003 - CONTROL NUMBER IDENTIFIER
control field GE_BSU
008 - FIXED-LENGTH DATA ELEMENTS--GENERAL INFORMATION
fixed length control field 181216s||||||||xx |||||||||||||| ||und||
040 ## - CATALOGING SOURCE
Transcribing agency GE_BSU
080 ## - UNIVERSAL DECIMAL CLASSIFICATION NUMBER
Universal Decimal Classification number 821.353.1+821.353.1-1+821.353.1-92
245 ## - TITLE STATEMENT
Title პირველი სხივი:წიგნი 10.პოეზია.პროზა.დრამატურგია.თარგმანები.წერილები
245 ## - TITLE STATEMENT
Remainder of title თბილისის შრომის წითელი დროშის ორდენოსანი სახელმწ.უნ–ტის ახალგ.მწერალთა წრის ალმანახი
245 ## - TITLE STATEMENT
Statement of responsibility, etc. სარედ.კოლ.ნ.აბესაძე.ა.თოფურია
260 ## - PUBLICATION, DISTRIBUTION, ETC.
Place of publication, distribution, etc. თბილისი
260 ## - PUBLICATION, DISTRIBUTION, ETC.
Name of publisher, distributor, etc. თსუ
260 ## - PUBLICATION, DISTRIBUTION, ETC.
Date of publication, distribution, etc. 1973
300 ## - PHYSICAL DESCRIPTION
Extent 322გვ.20სმ.
653 ## - INDEX TERM--UNCONTROLLED
Uncontrolled term პირველი სხივი
653 ## - INDEX TERM--UNCONTROLLED
Uncontrolled term პოეზია.პროზა.დრამატურგია.თარგმანები.წერილები
942 ## - ADDED ENTRY ELEMENTS (KOHA)
Koha item type წიგნი
ეგზემპლარები
Withdrawn status Lost status Damaged status Not for loan Date acquired Barcode Date last seen Price effective from Koha item type Public note
        2018-12-17 33301 2018-12-17 2018-12-17 წიგნი  
        2018-12-17 22259 2018-12-17 2018-12-17 წიგნი აგრარული ტექ.ფაკ.